The life of hsuan-tsang, (Record no. 3121)
[ view plain ]
| 000 -LEADER | |
|---|---|
| fixed length control field | 00773 a2200205 4500 |
| 010 ## - LIBRARY OF CONGRESS CONTROL NUMBER | |
| LC control number | ENG-85460 |
| 020 ## - INTERNATIONAL STANDARD BOOK NUMBER | |
| International Standard Book Number | 8188643165 |
| Terms of availability | 250.00 |
| 035 ## - SYSTEM CONTROL NUMBER | |
| System control number | EN-68993 |
| 037 ## - SOURCE OF ACQUISITION | |
| Source of stock number/acquisition | D.B.Act / Pub |
| 082 ## - DEWEY DECIMAL CLASSIFICATION NUMBER | |
| Classification number | 907.202 |
| 090 ## - LOCALLY ASSIGNED LC-TYPE CALL NUMBER (OCLC); LOCAL CALL NUMBER (OCLC) | |
| -- | 3183 |
| -- | 3183 |
| 100 0# - MAIN ENTRY--PERSONAL NAME | |
| Personal name | Hui-Li. |
| 245 14 - TITLE STATEMENT | |
| Title | The life of hsuan-tsang, |
| Statement of responsibility, etc | Hui-li and Yen-ts'ung; translated from the Chinese by Li Yung-hsi |
| 260 ## - PUBLICATION, DISTRIBUTION, ETC. (IMPRINT) | |
| Place of publication, distribution, etc | New Delhi, Akshaya Prakashan |
| Name of publisher, distributor, etc | Akshaya Prakashan, |
| Date of publication, distribution, etc | 2005 |
| 300 ## - PHYSICAL DESCRIPTION | |
| Extent | iv, 273 p. |
| Other physical details | illus., fold. map. |
| Dimensions | 19 cm. (Hb) |
| 500 ## - GENERAL NOTE | |
| General note | Transation of: Da ci en si san zang fa shi zhuan. |
| 500 ## - GENERAL NOTE | |
| General note | "Translated under the auspices of the San Shih Buddhist Institute." |
| 942 ## - ADDED ENTRY ELEMENTS (KOHA) | |
| Koha item type | English Books |
| Call number prefix | 907.202 / LIH |
| Institution code [OBSOLETE] | dpl |
| Withdrawn status | Lost status | Source of classification or shelving scheme | Damaged status | Not for loan | Collection code | Home library | Current library | Source of acquisition | Cost, normal purchase price | Total Checkouts | Full call number | Barcode | Date last seen | Copy number | Uniform Resource Identifier | Cost, replacement price | Price effective from | Koha item type |
|---|---|---|---|---|---|---|---|---|---|---|---|---|---|---|---|---|---|---|
| Dewey Decimal Classification | Not For Loan | Non-fiction | D.B.Act.Division | D.B.Act.Division | DBAD/PUB | 250.00 | 907.202 | EN-68993 | 15/09/2008 | 1 | 3322 | 250.00 | 15/09/2008 | English Books |
